00943nam a2200277Ia 450000500170000000800410001702000150005810000400007324500510011325000190016430000270018349000250021058600360023565000400027165000430031165000340035465000370038865000380042565000380046326400300050133600270053133700330055833800280059104000350061908400110065420220317001215.0160825s2002 ck a g 000 0 spa  a95880895301 aAsturias, Miguel Ángeld1899-197413aEl señor presidentecMiguel Ángel Asturias a1a. edición  a250 páginas c18 cm  aBiblioteca el tiempo aPremio Nobel de Literatura 1967142LEMBaNovela guatemaltecaySiglo XX142LEMBaLiteratura gutemaltecaySiglo XX142LEMBaTerror en la literatura142LEMBaEmociones en la literatura142LEMB aDictadura en la literatura142LEMB aViolencia en la literatura aBogotábEl Tiempoc2002 atextobtxt2rdacontent asin mediaciónbn2rdamedia avolumenbnc2rdacarrier aCO-BoRNBPbspaerdacCO-BoRNBP aN AST1